Statystyki dla Map 2

Kliknij tutaj aby rozwiązać quiz!

Ogólne statystyki

  • Ten quiz został rozwiązany 4 razy
  • Średni wynik to 2 z 75

Odpowiedzi na mapie

Odpowiedzi skodowane kolorowo w zielono-czerwonej skali na mapie do tego quizu, zgodnie z poniższymi procentami.
 

Statystyki odpowiedzi

Odpowiedź% Poprawnych
Algieria
50%
Argentyna
50%
Libia
50%
Anglia
25%
Brazylia
25%
Czechosłowacja
25%
Alaskorosja
0%
Areebijdzan
0%
Austrowęgry
0%
Baleary
0%
Boliwioparagwaj
0%
Catalonia
0%
Chile
0%
Czad
0%
Danse
0%
Drk
0%
Ekwador
0%
Esnegal
0%
Ettepe
0%
Gabon
0%
Gibraltar
0%
Gruzja
0%
Gruzja
0%
Gujana
0%
Gwatemala
0%
Gwinea Hiszpańska
0%
Hisspanna
0%
Hiszpania
0%
Holandia
0%
Ibiza
0%
Iranojemen
0%
Irlandia Północna
0%
Irleende
0%
Izrael
0%
Jamajka
0%
Japonia
0%
Kamerun
0%
Kazachstan
0%
Kolumbia
0%
Kongo
0%
Koreeańskajaponia
0%
Laponia
0%
Luksemburg
0%
Malawi
0%
Maroko
0%
Mauurketenienie
0%
Mmekesyk
0%
Monako
0%
Mozambik portugalski
0%
Niemcy
0%
Oman
0%
Osetia południowa
0%
Peru
0%
PHukajski
0%
Polska republika ludowa
0%
Portugalia
0%
Ppng
0%
Rugandawanda
0%
Rumuniomołdawia
0%
Rzym
0%
Sahara Zachodnia
0%
Somili
0%
Surinam
0%
Tajwanochiny
0%
Uk
0%
Ukraina
0%
Uzbekistanoturkmenistan
0%
Vlocy
0%
Walia
0%
Wenezuela
0%
Wyspy dziewcze
0%
Wyspy Kanaryjskie
0%
Wyspy wielkanocne
0%
Wyyyyyyyyyyyyy6y6yspyyyy6 całe vverdee
0%
Zimbazambia
0%

Rozkład punktacji

Percentyl według liczby udzielonych odpowiedzi

Procent ludzi z każdym wynikiem

Twoja historia wyników

Nie rozwiązałeś tego quizu